[Event "Zuerich op-B 26th"]
[Site "Zuerich"]
[Date "2002.??.??"]
[Round "2"]
[White "Buehrer, Thomas"]
[Black "Mutzner, Andreas"]
[Result "0-1"]
[WhiteElo "1826"]
[BlackElo "1982"]
[PlyCount "58"]
[EventDate "2002.12.26"]
[EventType "swiss"]
[EventRounds "7"]
[EventCountry "SUI"]
[SourceTitle "EXT 2019"]
[Source "ChessBase"]
[SourceDate "2018.10.10"]
[SourceVersion "1"]
[SourceVersionDate "2018.10.10"]
[SourceQuality "1"]

1. e4 c5 2. Nf3 d6 3. d4 cxd4 4. Nxd4 Nf6 5. Nc3 a6 6. Be2 Qc7 7. f4 b5 8. Bf3 Bb7 9. Qd3 Nbd7 10. Nb3 Rc8 11. a3 e6 12. Be3 Be7 13. 0-0 0-0 14. Rfd1 Rfd8 15. Qe2 Nb6 16. Na5 Ba8 17. Qf2 Nfd7 18. Bd4 Na4 19. Nxa4 bxa4 20. Bc3 d5 21. Qg3 Bc5+ 22. Kh1 d4 23. Bd2 Bb6 24. b4 axb3 25. Nxb3 Qxc2 26. f5 Bc7 27. Bf4 Bxf4 28. Qxf4 Qxb3 29. Rxd4 e5 0-1